Library Logo

Pioneer International University Library Catalogue

Curtain / (Record no. 9390)

MARC details
000 -LEADER
fixed length control field 01176cam a22003253a 4500
001 - CONTROL NUMBER
control field 12582460
003 - CONTROL NUMBER IDENTIFIER
control field OSt
005 - DATE AND TIME OF LATEST TRANSACTION
control field 20250901165811.0
008 - FIXED-LENGTH DATA ELEMENTS--GENERAL INFORMATION
fixed length control field 000202t20001975nyu 000 1 eng d
010 ## - LIBRARY OF CONGRESS CONTROL NUMBER
LC control number 2001554449
020 ## - INTERNATIONAL STANDARD BOOK NUMBER
International Standard Book Number 0425173747 :
Terms of availability $5.99
035 ## - SYSTEM CONTROL NUMBER
System control number (OCoLC)ocm43383555
040 ## - CATALOGING SOURCE
Original cataloging agency BKL
Transcribing agency BKL
Modifying agency DLC
042 ## - AUTHENTICATION CODE
Authentication code lccopycat
050 00 - LIBRARY OF CONGRESS CALL NUMBER
Classification number CPB Box no. 1801 vol. 10 1975
100 1# - MAIN ENTRY--PERSONAL NAME
Personal name Christie, Agatha,
Dates associated with a name 1890-1976.
245 10 - TITLE STATEMENT
Title Curtain /
Statement of responsibility, etc. Agatha Christie.
250 ## - EDITION STATEMENT
Edition statement Berkley ed.
260 ## - PUBLICATION, DISTRIBUTION, ETC.
Place of publication, distribution, etc. New York, N.Y. :
Name of publisher, distributor, etc. Berkley Books,
Date of publication, distribution, etc. 2000, c1975.
300 ## - PHYSICAL DESCRIPTION
Extent 215 p. ;
Dimensions 18 cm.
600 10 - SUBJECT ADDED ENTRY--PERSONAL NAME
Personal name Poirot, Hercule
Titles and other words associated with a name (Fictitious character)
Form subdivision Fiction.
650 #0 - SUBJECT ADDED ENTRY--TOPICAL TERM
Topical term or geographic name entry element Private investigators
Geographic subdivision England
Form subdivision Fiction.
655 #7 - INDEX TERM--GENRE/FORM
Genre/form data or focus term Mystery fiction.
Source of term gsafd
710 2# - ADDED ENTRY--CORPORATE NAME
Corporate name or jurisdiction name as entry element Copyright Paperback Collection (Library of Congress)
Institution to which field applies DLC
856 42 - ELECTRONIC LOCATION AND ACCESS
Materials specified Contributor biographical information
Uniform Resource Identifier <a href="http://www.loc.gov/catdir/enhancements/fy0717/2001554449-b.html">http://www.loc.gov/catdir/enhancements/fy0717/2001554449-b.html</a>
856 42 - ELECTRONIC LOCATION AND ACCESS
Materials specified Publisher description
Uniform Resource Identifier <a href="http://www.loc.gov/catdir/enhancements/fy0717/2001554449-d.html">http://www.loc.gov/catdir/enhancements/fy0717/2001554449-d.html</a>
906 ## - LOCAL DATA ELEMENT F, LDF (RLIN)
a 7
b cbc
c copycat
d 2
e ncip
f 20
g y-genrareb
942 ## - ADDED ENTRY ELEMENTS (KOHA)
Source of classification or shelving scheme Library of Congress Classification
Koha item type Books
Holdings
Withdrawn status Lost status Source of classification or shelving scheme Damaged status Not for loan Home library Current library Shelving location Date acquired Total checkouts Full call number Barcode Date last seen Price effective from Koha item type
    Library of Congress Classification     Main Library Main Library   03/24/2025   CPB Box no. 1801 vol. 10 1975 PIU0004796 03/24/2025 03/24/2025 Books
    Library of Congress Classification     Main Library Main Library   03/24/2025   CPB Box no. 1801 vol. 10 1975 PIU0008050 03/24/2025 03/24/2025 Books